000 00500nam a2200205Ia 4500
005 20240823024622.0
008 240823s9999||||xx |||||||||||||| ||und||
020 _a978-81-3089-1366-7
041 _aENGLISH
082 _A372.2107 Q0
100 _aPauline Millican
245 0 _aStudying Science
250 _a1st
260 _c2010
_b"Viva Books,New Delhi"
500 _aYES
650 _aStudying Science
_bManagement Studies
700 _a John Heritage
942 _cBK
999 _c184344
_d184344